00870nam a22002177a 450000500170000001000150001702000270003203500130005903700130007208200130008510000220009824501310012026000570025127001150030830000210042350000190044470000170046394200270048099900170050795201280052420131218152958.0 aENG-108889 a9789382816072c1295.00 aEN-92422 bDBAD/PUB a658.4092 aMiluwi, Joshua O. aEthical perspectives and leadership practices for good governance in the 21st century /cby Joshua O. Miluwi [and] HIna Rashid aNew DelhibManglam Publishers and Distributorsc2013 aL-21/1, Street No.5, Shivaji Marg, Near Kali Mandir, J.P. Nagar, Kartar Nagar , West GhondabNew Delhie110053 a408p. c22cm(Hb) aIncludes index a Hina Rashid 2ddccENmMILh658.4092 c81232d81232 001040718NFICaDBADbDBADd2013-12-18eDBAD/PUBg1295.00l0o658.4092 MILpEN-92422r2013-12-18 00:00:00t1v1295.00yEN